Szczegóły MARC21

Bertolt Brecht : sein Leben, sein Werk, seine Zeit /

003 -Nazwa inst., której nr kontr. jest w polu 001 [,]
    • @
    • Nazwa instytucji, której n kontrolny jest w polu 001
    • NUKAT
005 -DATA I CZAS OSTATNIEJ MODYFIKACJI [,]
    • @
    • pole kontrolne
    • 20250725174021.0
020 -Międzynarod. znormalizowany nr książki - ISBN [ , ]
    • a
    • Numer ISBN
    • 3518366416 Find
040 -Instytucja sporządzająca opis [ , ]
    • a
    • Instytucja, która sporządziła opis (NP)
    • SZCZ U/AB
    • b
    • Język katalogowania
    • pol
    • e
    • Zasady katalogowania
    • rda
    • c
    • Instytucja, która sporządziła rekord (NP)
    • SZCZ U/ABs
041 -Język dokumentu [1, ]
    • a
    • Język tekstu (P)
    • niemiecki
    • h
    • Język tekstu oryginalnego i/lub pośredniego (P)
    • angielski
942 -Rodzaj dokumentu [ , ]
    • c
    • Rodzaj dokumentu
    • Książka
100 -Hasło główne - nazwa osobowa [1, ]
    • a
    • Nazwa osobowa (NP)
    • Ewen, Frederic
    • d
    • Daty biograficzne (NP)
    • (1899-1988).
    • e
    • Rodzaj współpracy
    • Autor
    • 9
    • KHW
    • 539387
240 -Tytuł ujednolicony [1,0]
    • a
    • Tytuł ujednolicony
    • Bertolt Brecht: his life, his art, and his times
    • l
    • Język tekstu
    • (niem.)
    • 9
    • KHW
    • 539391
245 -Strefa tytułu i oznaczenia odpowiedzialności [1,0]
    • a
    • Tytuł
    • Bertolt Brecht : Find
    • b
    • Ciąg dalszy tytułu (NP)
    • sein Leben, sein Werk, seine Zeit / Find
    • c
    • Pozostałe elementy strefy tytułu i oznaczenia odpowiedzialności (NP)
    • Frederic Ewen ; Deutsch von Hans-Peter Baum und Klaus-Dietrich Petersen.
260 -Strefa adresu wydawniczego [ , ]
    • a
    • Miejsce wydania (P)
    • [Frankfurt am Main] :
    • b
    • Nazwa wydawcy (P)
    • Suhrkamp,
    • c
    • Data wydania (P)
    • [po 1982].
300 -Strefa opisu fizycznego [ , ]
    • a
    • Określenie formy książki i/lub objętość (NP)
    • 528, [16] stron ;
    • c
    • Format (NP)
    • 18 cm.
336 -Typ zawartości [ , ]
    • a
    • Termin opisujący typ zawartości
    • Tekst
    • b
    • Kod określający zawartość
    • txt
    • 2
    • Źródło (terminu i kodu)
    • rdacontent
337 -Typ mediów [ , ]
    • a
    • Tryb odtwarzania
    • Bez urządzenia pośredniczącego
    • b
    • Kod typu mediów
    • n
    • 2
    • Źródło (terminu i kodu)
    • rdamedia
338 -Typ/rodzaj nośnika [ , ]
    • a
    • Hasło opisujące typ nośnika
    • Wolumin
    • b
    • Kod typu nośnika
    • nc
    • 2
    • Źródło (terminu i kodu)
    • rdacarrier
490 -Strefa serii i książki wielotomowej - forma nie do wyszukiwania [1, ]
    • a
    • Tytuł (P)
    • Suhrkamp Taschenbuch ; Find
    • v
    • Numeracja (P)
    • 141
830 -Hasło dodatkowe serii i opisu książki wielotomowej - tytuł ujednolicony/tytuł [ ,0]
    • a
    • Tytuł ujednolicony/tytuł (NP)
    • Suhrkamp Taschenbuch
    • x
    • ISSN
    • 0930-9721
    • v
    • Oznaczenie tomu (NP)
    • 141
    • 9
    • KHW
    • 37681
500 -Uwaga ogólna [ , ]
    • a
    • Uwaga ogólna (NP)
    • Miejsce wydania na podstawie siedziby wydawcy.
500 -Uwaga ogólna [ , ]
    • a
    • Uwaga ogólna (NP)
    • Erste Auflage 1973.
500 -Uwaga ogólna [ , ]
    • a
    • Uwaga ogólna (NP)
    • Najpóźniejsza data (1982) odnotowana w "Zeittafel" na stronie [533].
504 -Uwaga dot. bibliogr. załącznikowej [ , ]
    • a
    • Uwaga dot. bibliografii załącznikowej
    • Bibliografia na stronach 484-493. Indeksy.
600 -Hasło przedmiotowe w formie nazwy osobowej [1,7]
    • a
    • Nazwa osobowa
    • Brecht, Bertolt
    • d
    • Daty związane z nazwą
    • (1898-1956).
    • 2
    • Źródło terminu
    • kaba
    • 9
    • KHW
    • 51242
700 -Hasło dodatkowe - nazwa osobowa [1, ]
    • a
    • Nazwa osobowa (NP)
    • Baum, Hans-Peter Find
    • d
    • Daty biograficzne (NP)
    • (1943- ).
    • e
    • Określenie rodzaju współpracy
    • Tłumaczenie
    • 9
    • KHW
    • 539388
700 -Hasło dodatkowe - nazwa osobowa [1, ]
    • a
    • Nazwa osobowa (NP)
    • Petersen, Klaus-Dietrich Find
    • d
    • Daty biograficzne (NP)
    • (1937- ).
    • e
    • Określenie rodzaju współpracy
    • Tłumaczenie
    • 9
    • KHW
    • 539389
710 -Hasło dodatkowe - nazwa ciała zbiorowego [2, ]
    • a
    • Nazwa ciała zbiorowego lub nazwa geograficzna jako pierwszy element (NP)
    • Suhrkamp Verlag.
    • e
    • Rodzaj współpracy
    • Wydawca
    • 4
    • Kod relacji
    • pbl
    • 9
    • KHW
    • 56105
920 -ISBN [ , ]
    • a
    • ISBN
    • 3-518-36641-6 Find
Sygnatura Status udost. Lokalizacja Numer inwentarzowy
Germ. Literaturozn. – Brecht 39-3BMG.1705